Music Quiz

Random Music or Clickable Quiz

Famous Songs Without an Intro Quiz Stats

Quiz Updated Aug 1, 2013

Also try: NOT the Beatles
Challenge
Share
Tweet
Embed
Score 0/10 Timer 02:00
5 Plays Today
% Correct
Bohemian Rhapsody (Queen)
76.4%
American Pie (Don McLean)
73.6%
Can't Buy Me Love (Beatles)
67.8%
Hound Dog (Elvis Presley)
65%
Buddy Holly (Weezer)
48.3%
Rehab (Amy Winehouse)
47.2%
Good Vibrations (Beach Boys)
46.5%
Unchained Melody (Righteous Brothers)
39.7%
You Oughta Know (Alanis Morissette)
36%
Ruby Tuesday (Rolling Stones)
32.3%

You're not logged in!

Compare scores with friends on all Sporcle quizzes.
Sign Up with Email
OR
Log In

You Might Also Like...

Show Comments

Extras

Top Quizzes Today


Score Distribution

Your Account Isn't Verified!

In order to create a playlist on Sporcle, you need to verify the email address you used during registration. Go to your Sporcle Settings to finish the process.